[Event "Euskadi-chT (Vasca) Div 1st"]
[Site "Bergara"]
[Date "2018.01.27"]
[Round "3.5"]
[White "Ugalde Ezcurra, Jose Miguel"]
[Black "Sancinena Arpide, Juan"]
[Result "1-0"]
[WhiteElo "2107"]
[BlackElo "1676"]
[PlyCount "77"]
[EventDate "2018.01.13"]
[EventType "team-tourn"]
[EventRounds "9"]
[EventCountry "ESP"]
[SourceTitle "EXT 2020"]
[Source "ChessBase"]
[SourceDate "2019.10.17"]
[SourceVersion "1"]
[SourceVersionDate "2019.10.17"]
[SourceQuality "1"]
[WhiteTeam "Oberena"]
[BlackTeam "Orvina II"]
[WhiteTeamCountry "ESP"]
[BlackTeamCountry "ESP"]

1. g3 e5 2. Bg2 Nf6 3. c4 Nc6 4. Nc3 Bc5 5. e3 0-0 6. Nge2 d6 7. 0-0 Re8 8. d3 Bf5 9. h3 h6 10. a3 a5 11. b3 Qd7 12. Kh2 Rab8 13. Bb2 Ne7 14. Na4 Ba7 15. Bc3 b5 16. Nb2 Bb6 17. cxb5 Qxb5 18. Nc4 Ng6 19. a4 Qa6 20. e4 Be6 21. Qd2 Bxc4 22. bxc4 Nd7 23. f4 Qa7 24. d4 f6 25. Bf3 c5 26. Bh5 cxd4 27. Bxg6 dxc3 28. Qd5+ Kh8 29. Bxe8 Rxe8 30. Nxc3 Bd4 31. Nb5 Qc5 32. Nxd6 Qxd5 33. cxd5 Bxa1 34. Nxe8 Bc3 35. Rc1 Bb4 36. Rc7 Nc5 37. d6 Nxa4 38. d7 Be7 39. Rc8 1-0

[Event "Euskadi-chT (Vasca) Div 1st"]
[Site "Bergara"]
[Date "2018.01.13"]
[Round "1.4"]
[White "Ugalde Ezcurra, Jose Miguel"]
[Black "Fernandez Hernandez, Gerardo"]
[Result "1-0"]
[WhiteElo "2107"]
[BlackElo "2178"]
[PlyCount "77"]
[EventDate "2018.01.13"]
[EventType "team-tourn"]
[EventRounds "9"]
[EventCountry "ESP"]
[SourceTitle "EXT 2020"]
[Source "ChessBase"]
[SourceDate "2019.10.17"]
[SourceVersion "1"]
[SourceVersionDate "2019.10.17"]
[SourceQuality "1"]
[WhiteTeam "Oberena"]
[BlackTeam "Zuri Baltza"]
[WhiteTeamCountry "ESP"]
[BlackTeamCountry "ESP"]

1. d4 e6 2. e4 d5 3. Nc3 Nc6 4. Nf3 Nf6 5. e5 Ne4 6. Bd3 Bb4 7. 0-0 Nxc3 8. bxc3 Bxc3 9. Rb1 h6 10. Ba3 a5 11. Bc1 Bd7 12. Be3 a4 13. Bb5 Nb4 14. Bxd7+ Qxd7 15. Bd2 Bxd2 16. Qxd2 c5 17. dxc5 Na6 18. c4 Nxc5 19. cxd5 exd5 20. Qb4 Rc8 21. Rfc1 Qe7 22. Qb5+ Kf8 23. Rc2 Rc7 24. Rbc1 Ne6 25. Rxc7 Nxc7 26. Qxb7 Ne8 27. Qxd5 g6 28. Qd4 a3 29. e6 f6 30. Qd7 Rh7 31. Rd1 Nc7 32. Qc8+ Ne8 33. Rd8 Rh8 34. Nd4 f5 35. Rd7 Qf6 36. Rf7+ Qxf7 37. exf7 Kxf7 38. Qe6+ Kf8 39. Qxg6 1-0

[Event "Navarra-chTA"]
[Site "Pamplona"]
[Date "2015.10.10"]
[Round "1.3"]
[White "Vilchez Gonzalez, Angel"]
[Black "Ugalde Ezcurra, Jose Miguel"]
[Result "0-1"]
[WhiteElo "1940"]
[BlackElo "2155"]
[PlyCount "148"]
[EventDate "2015.10.10"]
[EventType "team-tourn"]
[EventRounds "7"]
[EventCountry "ESP"]
[SourceTitle "CBM 169 Extra"]
[Source "ChessBase"]
[SourceDate "2015.12.18"]
[SourceVersion "1"]
[SourceVersionDate "2015.12.18"]
[SourceQuality "1"]
[WhiteTeam "Mikel Gurea"]
[BlackTeam "Oberena"]
[WhiteTeamCountry "ESP"]
[BlackTeamCountry "ESP"]

1. e4 c5 2. Nc3 e6 3. g3 Nc6 4. Bg2 g6 5. f4 d6 6. Nf3 Bg7 7. 0-0 Nge7 8. d3 0-0 9. Be3 b6 10. d4 Ba6 11. Rf2 cxd4 12. Nxd4 Rc8 13. Rd2 Na5 14. Nxe6 fxe6 15. Rxd6 Qc7 16. Bh3 Bc4 17. Bxe6+ Bxe6 18. Rxe6 Rcd8 19. Nd5 Nxd5 20. exd5 Nc4 21. d6 Rxd6 22. Rxd6 Qxd6 23. Qxd6 Nxd6 24. Rd1 Nc4 25. Bf2 Bxb2 26. c3 Rc8 27. Rd7 Bxc3 28. Rxa7 Bb4 29. Kg2 Bc5 30. Be1 Re8 31. Bc3 Re7 32. Ra8+ Kf7 33. Rh8 Ke6 34. Kf3 Kd7 35. Bf6 Rf7 36. Bc3 g5 37. Rg8 gxf4 38. gxf4 Bd6 39. Rg7 Rxg7 40. Bxg7 Ke6 41. Kg4 Ne3+ 42. Kg5 Nf5 43. Bc3 b5 44. Bd2 Be7+ 45. Kg4 b4 46. Be1 Ne3+ 47. Kh5 Nf5 48. Kg4 Ng7 49. Bd2 h5+ 50. Kf3 Kf5 51. Kg3 Ne6 52. h3 Nd4 53. Be3 h4+ 54. Kg2 Nc2 55. Bd2 Nd4 56. Kf2 Ke4 57. Bc1 Bd6 58. Bd2 Nc2 59. f5 Kxf5 60. Kf3 Nd4+ 61. Kg2 Ke4 62. Bg5 Bg3 63. Be7 Nc2 64. Bf6 Ne3+ 65. Kg1 Kf3 66. Be7 Be1 67. Bd6 Bf2+ 68. Kh1 Nd5 69. Be5 Nf4 70. Bd6 Be1 71. Kh2 Bg3+ 72. Kh1 Nd3 73. Be7 Be1 74. Bd6 Nc1 0-1

[Event "Mislata op-A 48th"]
[Site "Mislata"]
[Date "2014.08.11"]
[Round "1"]
[White "Redondo Flores, David"]
[Black "Ugalde Ezcurra, Jose Miguel"]
[Result "0-1"]
[WhiteElo "1983"]
[BlackElo "2155"]
[PlyCount "90"]
[EventDate "2014.08.11"]
[EventType "swiss"]
[EventRounds "9"]
[EventCountry "ESP"]
[SourceTitle "CBM 161 Extra"]
[Source "ChessBase"]
[SourceDate "2014.08.29"]
[SourceVersion "1"]
[SourceVersionDate "2014.08.29"]
[SourceQuality "1"]

1. e4 e6 2. d4 d5 3. exd5 exd5 4. Bd3 Nc6 5. c3 Bd6 6. Nf3 Nge7 7. 0-0 Bg4 8. Nbd2 Qd7 9. b4 f6 10. Re1 0-0 11. Qc2 Bf5 12. Nf1 Bxd3 13. Qxd3 Nf5 14. Bd2 Kh8 15. Re2 a5 16. b5 Na7 17. a4 Nc8 18. Ne3 Nxe3 19. Rxe3 Bf4 20. Re2 Bxd2 21. Qxd2 Nb6 22. Qc2 Rfe8 23. Ree1 Rxe1+ 24. Rxe1 Re8 25. Kf1 Kg8 26. h3 Rxe1+ 27. Nxe1 Qe6 28. Nd3 c6 29. bxc6 Qxc6 30. Nc5 Nc4 31. Kg1 b6 32. Nd3 Nd6 33. f3 Nf5 34. Qe2 Kf7 35. Qa2 g5 36. Qb3 Ne3 37. Kf2 Qxc3 38. Qxc3 Nd1+ 39. Ke1 Nxc3 40. Nb2 b5 41. axb5 Nxb5 42. Kd2 Nxd4 43. Kd3 Nc6 44. g4 Ke6 45. Ke3 Kd6 0-1

[Event "Navarra-chT Preferente"]
[Site "Navarra"]
[Date "2012.10.20"]
[Round "2.3"]
[White "Ugalde Ezcurra, Jose Miguel"]
[Black "Mindeguia Guruceaga, Juan Jesus"]
[Result "1/2-1/2"]
[WhiteElo "2173"]
[BlackElo "2203"]
[PlyCount "56"]
[EventDate "2012.10.13"]
[EventType "team"]
[EventRounds "7"]
[EventCountry "ESP"]
[SourceTitle "EXT 2014"]
[Source "ChessBase"]
[SourceDate "2013.11.20"]
[SourceVersion "1"]
[SourceVersionDate "2013.11.20"]
[SourceQuality "1"]
[WhiteTeam "Oberena"]
[BlackTeam "Orvina"]
[WhiteTeamCountry "ESP"]
[BlackTeamCountry "ESP"]

1. e4 c5 2. Nc3 e6 3. g3 d5 4. Bg2 dxe4 5. Nxe4 Nf6 6. Nxf6+ Qxf6 7. Nf3 Nc6 8. 0-0 Be7 9. c3 h6 10. d4 0-0 11. dxc5 Bxc5 12. Qe2 e5 13. Be3 Bxe3 14. Qxe3 Bg4 15. Rfe1 Rfe8 16. Nd2 Qe6 17. Qc5 Bh3 18. Bh1 Rac8 19. Qb5 b6 20. Nf1 Bxf1 21. Kxf1 Qg6 22. Rad1 e4 23. Qc4 Na5 24. Qd4 Rc5 25. Qd7 Rce5 26. Rd5 R5e7 27. Qb5 Nb7 28. b4 Re6 1/2-1/2

[Event "Pamplona San Juan op 6th"]
[Site "Pamplona"]
[Date "2012.07.24"]
[Round "2"]
[White "Ortiz Suarez, Isan Reynaldo"]
[Black "Ugalde Ezcurra, Jose Miguel"]
[Result "1-0"]
[WhiteElo "2562"]
[BlackElo "2179"]
[PlyCount "39"]
[EventDate "2012.07.23"]
[EventType "swiss"]
[EventRounds "9"]
[EventCountry "ESP"]
[SourceTitle "CBM 149 Extra"]
[Source "ChessBase"]
[SourceDate "2012.08.24"]
[SourceVersion "1"]
[SourceVersionDate "2012.08.24"]
[SourceQuality "1"]

1. e4 c5 2. Nf3 e6 3. d4 cxd4 4. Nxd4 a6 5. Bd3 Bc5 6. Nb3 Be7 7. Qg4 g6 8. Qe2 d6 9. 0-0 Nd7 10. a4 h5 11. Na3 Ngf6 12. Nc4 Qc7 13. h3 Ne5 14. Nxe5 dxe5 15. f4 exf4 16. Bxf4 e5 17. Bg5 Qb6+ 18. Kh1 Bg4 19. Qe1 0-0-0 20. Qc3+ 1-0

[Event "Navarra Puente Foral-A 5th"]
[Site "Navarra"]
[Date "2010.12.07"]
[Round "6.1"]
[White "Ugalde Ezcurra, Jose Miguel"]
[Black "Saenz Narciso, Miguel Angel"]
[Result "1/2-1/2"]
[WhiteElo "2184"]
[BlackElo "2175"]
[PlyCount "33"]
[EventDate "2010.12.03"]
[EventType "swiss"]
[EventRounds "7"]
[EventCountry "ESP"]
[SourceTitle "EXT 2024"]
[Source "ChessBase"]
[SourceDate "2023.10.10"]
[SourceVersion "1"]
[SourceVersionDate "2023.10.10"]
[SourceQuality "1"]

1. d4 Nf6 2. Bg5 e6 3. e3 h6 4. Bh4 c5 5. Nd2 Nc6 6. c3 cxd4 7. exd4 Be7 8. Ngf3 d5 9. Bd3 Nh5 10. Bg3 Nxg3 11. hxg3 Qc7 12. Qe2 Bd7 13. b4 Bf6 14. Nb3 b6 15. a4 Ne7 16. c4 dxc4 17. Bxc4 1/2-1/2

[Event "Pamplona San Juan op 3rd"]
[Site "Pamplona"]
[Date "2009.07.30"]
[Round "5"]
[White "Ugalde Ezcurra, Jose Miguel"]
[Black "Rusev, Krasimir"]
[Result "0-1"]
[WhiteElo "2169"]
[BlackElo "2543"]
[PlyCount "86"]
[EventDate "2009.07.27"]
[EventType "swiss"]
[EventRounds "9"]
[EventCountry "ESP"]
[SourceTitle "CBM 131 Extra"]
[Source "ChessBase"]
[SourceDate "2009.09.03"]
[SourceVersion "2"]
[SourceVersionDate "2009.09.16"]
[SourceQuality "1"]

1. d4 d5 2. c4 c6 3. Nf3 Nf6 4. e3 Bf5 5. Qb3 Qc7 6. cxd5 cxd5 7. Bd2 Nc6 8. Bb5 e6 9. 0-0 Bd6 10. Bb4 0-0 11. Bxc6 Bxb4 12. Qxb4 bxc6 13. Nc3 Rab8 14. Qa3 Nd7 15. Rac1 Rfc8 16. Na4 Rb5 17. Rc3 Be4 18. Rfc1 Bxf3 19. gxf3 Nb8 20. Nc5 Rb6 21. Nd3 f6 22. Rc5 Qf7 23. Ra5 Rb7 24. Nc5 Re7 25. Na6 Nd7 26. Qd6 e5 27. Rxd5 Rce8 28. Rxc6 Nb6 29. Ra5 Rd7 30. Qb4 Qg6+ 31. Kh1 Qb1+ 32. Kg2 Qg6+ 33. Kh1 exd4 34. Nc5 Qb1+ 35. Kg2 Qg6+ 36. Kh1 dxe3 37. Nxd7 Qb1+ 38. Kg2 Qg6+ 39. Kh3 exf2 40. Rc1 Qh6+ 41. Kg2 Qxc1 42. Kxf2 Qe3+ 43. Kg2 Nxd7 0-1

[Event "Pamplona op"]
[Site "Pamplona"]
[Date "2008.12.23"]
[Round "3"]
[White "Ugalde Ezcurra, Jose Miguel"]
[Black "Djingarova, Emilia"]
[Result "1-0"]
[WhiteElo "2158"]
[BlackElo "2352"]
[PlyCount "83"]
[EventDate "2008.12.22"]
[EventType "swiss"]
[EventRounds "9"]
[EventCountry "ESP"]
[SourceTitle "CBM 127 Extra"]
[Source "ChessBase"]
[SourceDate "2009.01.08"]
[SourceVersion "2"]
[SourceVersionDate "2009.01.28"]
[SourceQuality "1"]

1. d4 Nf6 2. c4 g6 3. Nc3 d5 4. cxd5 Nxd5 5. e4 Nxc3 6. bxc3 Bg7 7. Nf3 c5 8. Rb1 0-0 9. Be2 Nc6 10. d5 Ne5 11. Nxe5 Bxe5 12. Qd3 e6 13. f4 Bg7 14. d6 e5 15. 0-0 b6 16. f5 Bb7 17. Be3 c4 18. Qxc4 Qxd6 19. Rbd1 Qe7 20. Qa4 Qh4 21. Rd7 Bc8 22. Rxf7 Rxf7 23. Bc4 Bxf5 24. Bxf7+ Kh8 25. Bd5 Rd8 26. Qc6 Bg4 27. Qc7 Rd7 28. Qb8+ Rd8 29. Qxa7 Be2 30. Bf2 Rf8 31. Qxb6 Qg5 32. Re1 Qd2 33. h3 Bh6 34. Qe6 Bg7 35. Bg3 Qxc3 36. Kh2 Bd3 37. Re3 Qd4 38. Rf3 Rd8 39. Bh4 Rb8 40. Bf6 Be2 41. Bxg7+ Kxg7 42. Qe7+ 1-0

[Event "Pamplona op 16th"]
[Site "Pamplona"]
[Date "2006.12.28"]
[Round "8"]
[White "Sola Plaza, Gregorio"]
[Black "Ugalde Ezcurra, Jose Miguel"]
[Result "0-1"]
[WhiteElo "2102"]
[BlackElo "2215"]
[PlyCount "68"]
[EventDate "2006.12.22"]
[EventType "swiss"]
[EventRounds "9"]
[EventCountry "ESP"]
[SourceTitle "CBM 115 Extra"]
[Source "ChessBase"]
[SourceDate "2007.01.10"]
[SourceVersion "1"]
[SourceVersionDate "2007.01.10"]
[SourceQuality "1"]

1. c4 Nf6 2. Nf3 g6 3. Nc3 Bg7 4. e4 d6 5. d4 0-0 6. Be2 e5 7. 0-0 Na6 8. Be3 Ng4 9. Bg5 Qe8 10. dxe5 dxe5 11. h3 h6 12. Bc1 Nf6 13. Be3 c6 14. b4 Qe7 15. a3 Nh5 16. Qc1 Nf4 17. Rd1 Nxe2+ 18. Nxe2 Kh7 19. Nd2 f5 20. f3 f4 21. Bf2 Bf6 22. c5 g5 23. Nc4 h5 24. Nd6 g4 25. Nxc8 Raxc8 26. Qc3 gxh3 27. gxh3 Rcd8 28. Kh2 Nc7 29. Rxd8 Rxd8 30. Ra2 Bh4 31. Qe1 Bxf2 32. Qxf2 Ne6 33. h4 Rd3 34. Kh3 Ng5+ 0-1

[Event "Pamplona op 16th"]
[Site "Pamplona"]
[Date "2006.12.27"]
[Round "7"]
[White "Ugalde Ezcurra, Jose Miguel"]
[Black "Arjol Echeverria, David"]
[Result "1/2-1/2"]
[WhiteElo "2215"]
[BlackElo "2073"]
[PlyCount "43"]
[EventDate "2006.12.22"]
[EventType "swiss"]
[EventRounds "9"]
[EventCountry "ESP"]
[SourceTitle "CBM 115 Extra"]
[Source "ChessBase"]
[SourceDate "2007.01.10"]
[SourceVersion "1"]
[SourceVersionDate "2007.01.10"]
[SourceQuality "1"]

1. d4 f5 2. g3 Nf6 3. Bg2 d6 4. Nf3 c6 5. c4 Qc7 6. Nc3 e5 7. 0-0 Be7 8. dxe5 dxe5 9. e4 0-0 10. exf5 Bxf5 11. Ng5 Na6 12. Nge4 Rad8 13. Qe2 Nc5 14. Nxc5 Bxc5 15. Ne4 Nxe4 16. Bxe4 Bxe4 17. Qxe4 Bd4 18. Be3 Qf7 19. f4 Qc7 20. fxe5 Rxf1+ 21. Rxf1 Qxe5 22. Qxe5 1/2-1/2

[Event "Mislata op 12th"]
[Site "Mislata"]
[Date "2004.08.25"]
[Round "7"]
[White "Ugalde Ezcurra, Jose Miguel"]
[Black "Castella Garcia, Fausto"]
[Result "1/2-1/2"]
[WhiteElo "2197"]
[BlackElo "2414"]
[PlyCount "44"]
[EventDate "2004.08.19"]
[EventType "swiss"]
[EventRounds "9"]
[EventCountry "ESP"]
[SourceTitle "EXT 2005"]
[Source "ChessBase"]
[SourceDate "2004.11.15"]
[SourceVersion "1"]
[SourceVersionDate "2004.11.15"]
[SourceQuality "1"]

1. d4 Nf6 2. Nf3 g6 3. c4 Bg7 4. g3 c5 5. d5 d6 6. Bg2 0-0 7. 0-0 Na6 8. Nc3 Nc7 9. e4 Bg4 10. h3 Bxf3 11. Qxf3 Rb8 12. Qe2 a6 13. a4 b6 14. Rd1 Nd7 15. Bg5 h6 16. Be3 Re8 17. Kh2 h5 18. Bg5 Nf6 19. Bf4 Nd7 20. Bg5 Qc8 21. Bf4 Ne5 22. Be3 Nd7 1/2-1/2

[Event "Pamplona op"]
[Site "Pamplona"]
[Date "2002.12.27"]
[Round "8"]
[White "Ugalde Ezcurra, Jose Miguel"]
[Black "Estremera Panos, Sergio"]
[Result "0-1"]
[WhiteElo "2112"]
[BlackElo "2359"]
[PlyCount "58"]
[EventDate "2002.12.21"]
[EventType "swiss"]
[EventRounds "9"]
[EventCountry "ESP"]
[SourceTitle "CBM 091 Extra"]
[Source "ChessBase"]
[SourceDate "2003.01.09"]
[SourceVersion "1"]
[SourceVersionDate "2003.01.09"]
[SourceQuality "1"]

1. d4 Nf6 2. Bg5 d5 3. e3 c6 4. Nd2 g6 5. Bd3 Bg7 6. f4 0-0 7. Ngf3 Qb6 8. Ne5 c5 9. dxc5 Qxc5 10. Qe2 Nc6 11. 0-0 Nxe5 12. fxe5 Ng4 13. Nb3 Qc7 14. Bf4 Nxe5 15. e4 dxe4 16. Qxe4 Qb6+ 17. Be3 Qc6 18. Na5 Qc7 19. Nc4 Nxd3 20. cxd3 Bf5 21. Rxf5 gxf5 22. Qxf5 e6 23. Qh5 Rad8 24. Bh6 Bxh6 25. Qxh6 Qc5+ 26. Kh1 Rxd3 27. Re1 Rfd8 28. h4 Rd1 29. Rxd1 Rxd1+ 0-1

[Event "Euskadi-ch"]
[Site "Subijana de Alava"]
[Date "2002.04.05"]
[Round "5.8"]
[White "Ugalde Ezcurra, Jose Miguel"]
[Black "Garcia Moreno, Jose Antonio"]
[Result "1-0"]
[WhiteElo "2074"]
[BlackElo "2065"]
[PlyCount "88"]
[EventDate "2002.04.02"]
[EventType "swiss"]
[EventRounds "7"]
[EventCountry "ESP"]
[SourceTitle "EXT 2003"]
[Source "ChessBase"]
[SourceDate "2002.11.25"]
[SourceVersion "1"]
[SourceVersionDate "2002.11.25"]
[SourceQuality "1"]

1. g3 Nf6 2. Bg2 d5 3. Nf3 g6 4. d3 Bg7 5. Nbd2 c6 6. 0-0 0-0 7. e4 dxe4 8. dxe4 Na6 9. Qe2 Qc7 10. Nc4 Nd7 11. a4 Nac5 12. Bf4 e5 13. Be3 Nxe4 14. Qd3 Nec5 15. Qa3 Ne6 16. a5 Rd8 17. Rad1 Bf8 18. b4 e4 19. Ng5 Ne5 20. Rxd8 Nxd8 21. Nxe5 Qxe5 22. Nxe4 Bf5 23. Bf4 Qd4 24. c3 Qd3 25. Nf6+ Kh8 26. Re1 Be6 27. Qa1 Bg7 28. Be5 c5 29. c4 Nc6 30. Bxc6 bxc6 31. Ne4 Bxe5 32. Qxe5+ Kg8 33. Nf6+ Kf8 34. Nxh7+ Ke7 35. Qxc5+ Qd6 36. Qg5+ Kd7 37. c5 Qd4 38. Nf6+ Kc7 39. Ne4 Rd8 40. Nd6 Qxb4 41. Qe5 Rxd6 42. Qxd6+ Kb7 43. Ra1 a6 44. Qe7+ Kc8 1-0

[Event "Euskadi-ch"]
[Site "Subijana de Alava"]
[Date "2002.04.04"]
[Round "3.6"]
[White "Ugalde Ezcurra, Jose Miguel"]
[Black "Knorr Jarillo, Jose"]
[Result "1-0"]
[WhiteElo "2074"]
[BlackElo "2239"]
[PlyCount "71"]
[EventDate "2002.04.02"]
[EventType "swiss"]
[EventRounds "7"]
[EventCountry "ESP"]
[SourceTitle "EXT 2003"]
[Source "ChessBase"]
[SourceDate "2002.11.25"]
[SourceVersion "1"]
[SourceVersionDate "2002.11.25"]
[SourceQuality "1"]

1. Nf3 d5 2. g3 Nf6 3. Bg2 e6 4. d3 b6 5. Nbd2 Bb7 6. 0-0 Be7 7. e4 c5 8. e5 Nfd7 9. Re1 Nc6 10. a3 Qc7 11. Qe2 0-0-0 12. b4 f6 13. bxc5 bxc5 14. exf6 Bxf6 15. Rb1 Rde8 16. c4 Re7 17. Nb3 h6 18. Be3 d4 19. Bc1 Nd8 20. Nbd2 Bc6 21. Ne4 Nb7 22. Nfd2 Ne5 23. Nb3 Nd7 24. Bd2 Ree8 25. Rb2 Bd8 26. Reb1 Rhf8 27. a4 Rf7 28. Na5 Nxa5 29. Bxa5 Nb6 30. Bxb6 axb6 31. Rxb6 Bxe4 32. Qxe4 Qxb6 33. Rxb6 Bxb6 34. Qa8+ Kd7 35. Bc6+ Kd6 36. Bxe8 1-0

[Event "Pamplona op"]
[Site "Pamplona"]
[Date "2002.01.05"]
[Round "9"]
[White "Ojer Lora, Iker"]
[Black "Ugalde Ezcurra, Jose Miguel"]
[Result "0-1"]
[WhiteElo "1911"]
[BlackElo "2080"]
[PlyCount "130"]
[EventDate "2001.12.05"]
[EventType "swiss"]
[EventRounds "9"]
[EventCountry "ESP"]
[SourceTitle "EXT 2003"]
[Source "ChessBase"]
[SourceDate "2002.11.25"]
[SourceVersion "1"]
[SourceVersionDate "2002.11.25"]
[SourceQuality "1"]

1. e4 c5 2. Nf3 d6 3. d4 cxd4 4. Nxd4 Nf6 5. Nc3 a6 6. f3 e5 7. Nb3 Be6 8. Be3 Nbd7 9. Qd2 Be7 10. 0-0-0 b5 11. Qf2 h5 12. Kb1 Qc7 13. h3 Rb8 14. Rg1 Nb6 15. g4 Nc4 16. Nd5 Bxd5 17. exd5 hxg4 18. hxg4 Rc8 19. Bc1 a5 20. g5 Nd7 21. g6 f5 22. Bd3 Rf8 23. Qh2 a4 24. Na1 Nc5 25. Bf1 a3 26. b3 Qa5 27. Qh7 Bf6 28. Qh3 Rb8 29. Bxc4 bxc4 30. Bd2 c3 31. Bg5 Qd8 32. Be3 Qd7 33. Qh2 Na6 34. Qe2 Qb5 35. Qe1 Rc8 36. Rd3 Kd7 37. Qg3 Nb4 38. Qh3 Be7 39. Rdd1 Nxd5 40. Bc1 Ra8 41. Qh7 Bf6 42. Qh3 Ne7 43. Rd3 Rh8 44. Qf1 Qb4 45. Qe2 Rac8 46. Rgd1 Rc6 47. Re3 Qa5 48. Qe1 d5 49. b4 Rb8 50. Nb3 Rxb4 51. Ka1 Qa8 52. Nc5+ Kd6 53. Rxc3 Rb5 54. Bxa3 Kc7 55. Bb2 Kd6 56. Nb3 Ra6 57. a3 Nc6 58. Qf1 Qb7 59. Rcd3 Nb4 60. R3d2 Nxc2+ 61. Rxc2 Rxb3 62. Ka2 Qb5 63. Qh3 Rd3 64. Rxd3 Qxd3 65. Rc8 Rb6 0-1

[Event "Pamplona op"]
[Site "Pamplona"]
[Date "2001.12.29"]
[Round "3"]
[White "Garcia Fernandez, Carlos"]
[Black "Ugalde Ezcurra, Jose Miguel"]
[Result "1-0"]
[WhiteElo "2400"]
[BlackElo "2080"]
[PlyCount "83"]
[EventDate "2001.12.05"]
[EventType "swiss"]
[EventRounds "9"]
[EventCountry "ESP"]
[SourceTitle "EXT 2003"]
[Source "ChessBase"]
[SourceDate "2002.11.25"]
[SourceVersion "1"]
[SourceVersionDate "2002.11.25"]
[SourceQuality "1"]

1. e4 c5 2. c3 Nf6 3. e5 Nd5 4. Nf3 e6 5. d4 cxd4 6. cxd4 Nc6 7. a3 d6 8. Bd3 dxe5 9. dxe5 Qc7 10. 0-0 Nxe5 11. Nxe5 Qxe5 12. Bb5+ Bd7 13. Bxd7+ Kxd7 14. Re1 Qd6 15. Qf3 Be7 16. Nc3 Ke8 17. Bd2 Rd8 18. Ne4 Qd7 19. Qg3 Kf8 20. Rad1 Qc7 21. Qf3 Qc6 22. Rc1 Qd7 23. h4 h6 24. h5 Kg8 25. Be3 b6 26. Red1 Kh7 27. Qxf7 Rhf8 28. Qg6+ Kh8 29. Rd3 Bf6 30. b4 Qf7 31. Qxf7 Rxf7 32. Rc6 Re7 33. Bxh6 gxh6 34. Nxf6 Kg7 35. Nxd5 exd5 36. Rg3+ Kf7 37. Rxh6 Re1+ 38. Kh2 d4 39. Rgg6 Rd5 40. Rh7+ Kf8 41. h6 Re2 42. Rh8+ 1-0

[Event "ESP-chT2"]
[Site "Vila Real"]
[Date "2001.08.15"]
[Round "3"]
[White "Aguirre Izaguirre, Pedro Jose"]
[Black "Ugalde Ezcurra, Jose Miguel"]
[Result "1-0"]
[WhiteElo "2225"]
[BlackElo "2074"]
[PlyCount "51"]
[EventDate "2001.08.13"]
[EventType "team"]
[EventRounds "7"]
[EventCountry "ESP"]
[SourceTitle "EXT 2002"]
[Source "ChessBase"]
[SourceDate "2001.11.25"]
[SourceVersion "1"]
[SourceVersionDate "2001.11.25"]
[SourceQuality "1"]

1. c4 c5 2. Nc3 Nc6 3. g3 g6 4. Bg2 Bg7 5. e4 e6 6. Nge2 Nge7 7. d3 0-0 8. Be3 b6 9. 0-0 Bb7 10. Rb1 a6 11. Qd2 Re8 12. a3 Nd4 13. b4 Rb8 14. Bf4 d6 15. Nxd4 Bxd4 16. Ne2 Bg7 17. Be3 Nc6 18. d4 cxd4 19. Nxd4 Ne5 20. Qe2 Rc8 21. c5 b5 22. Rfd1 Nc4 23. cxd6 Nxd6 24. Nb3 Qc7 25. Nc5 Nc4 26. Rd7 1-0